دليل الطب الشرعى : (Record no. 6780)
[ view plain ]
| 000 -الفاتح | |
|---|---|
| حقل البيانات ثابتة الطول | 01004nac a22001811u 4500 |
| 008 - عناصر البيانات ثابتة الطول - معلومات عامة | |
| حقل البيانات ثابتة الطول | 101215s xxu||||| |||| 00| 0 ara d |
| 082 ## - رقم تصنيف ديوى العشرى | |
| رقم التصنيف | 614.19 |
| رقم المادة | ش ا ف |
| 100 1# - المدخل الرئيسى - إسم شخصى | |
| الإسم الشخصى | شافعى ، محمد زكى |
| 9 (RLIN) | 21519 |
| 245 ## - بيان العنوان | |
| العنوان | دليل الطب الشرعى : |
| بقية العنوان | دائرة معارف في الطب الاجتماعي والجنائي والصناعى والغارات الجوية واصاباتها / |
| بيان المسئوليه,etc | محمد زكى شافعى ، لبيب شحاته |
| 250 ## - بيان الطبعة | |
| بيان الطبعة | ط 2. |
| 260 ## - PUBLICATION, DISTRIBUTION, ETC. (IMPRINT) | |
| مكان الناشر او الموزع | [القاهرة] : |
| اسم الناشر او الموزع | الجمعية المصرية للاصلاحات والدعاية الصحية ،[193?] |
| تاريخ النشر أو التوزيع | [193?] |
| 300 ## - الوصف المادى | |
| التعداد | 487: |
| تفاصيل ماديه اخرى للوعاء | ايض ؛ |
| أبعاد الوعاء | 24 سم. |
| 504 ## - تبصرة ببليوجرافية | |
| تبصرة ببليوجرافية,الخ | يشتمل على ببليوجرافية ص 487 |
| 650 ## - المدخل الاضافى بالموضوع-مصطلح موضوعى | |
| مصطلح موضوعي أو اسم جغرافي كعنصر مدخل | الطب الشرعي |
| 9 (RLIN) | 21520 |
| 700 ## - المدخل الاضافى - اسم شخصى | |
| الإسم الشخصى | شحاته ، لبيب |
| 9 (RLIN) | 21522 |
| 942 ## - عناصر المدخل الإضافي( كوها) | |
| Koha [default] item type | Book - Borrowing |
| سابقة رقم الطلب | 614.19 ش ا ف |
| مصدر التصنيف او مخطط الترفيف | Dewey Decimal Classification |
| حالة التراجع | حالة الفقد | مصدر التصنيف او خطة الترفيف | حالة تلف | ليس للاعارة | مجموعات كوها | المكان الدائم | المكان الحالي | موقع الترفيف | تاريخ الاكتساب | Source of acquisition | رقم الاستدعاء | الباركود | Date last seen | مُعار | نوع الوعاء |
|---|---|---|---|---|---|---|---|---|---|---|---|---|---|---|---|
| Dewey Decimal Classification | Alef-Baa | Central Library | Central Library | First floor | 02/01/2011 | 614.19 ش ا ف | 000008431 | 14/03/2026 | 25/02/2026 | Book - Borrowing |